000 00745nam a2200289Ia 4500
005 20260324123659.0
008 008 260324s9999 xx 000 0 eng d
020 _a9780203850961
037 _aEBOOK
040 _aCRL
040 _beng
040 _cCRL
041 _2eng
041 _aeng
084 _qCRL
100 _aSandra S. Fotos; Hossein Nassaji
_91171239
245 0 _aTeaching Grammar in Second Language Classrooms
245 0 _bIntegrating Form-Focused Instruction in Communicative Context
260 _bTaylor and Francis
260 _c2011
365 _a
365 _b280
856 _uhttp://www.taylorfrancis.com/books/9780203850961
942 _cEBOOK
999 _c1764966
_d1764966